Регионална библиотека "Любен Каравелов" - Русе

Българското приложно изкуство (Запис номер 115235)

MARC детайли
000 -Лидер
Контролно поле с фиксирана дължина 01629nam a2200337 c 4500
003 - Код на организацията, давaща контролен номер
Контролно поле BLK
005 - Дата и час на последна редакция
Контролно поле 20191126144429.0
008 - Елементи от данни с фиксирана дължина
fixed length control field 180409b bul|||||r ||||||| ||bul||
010 ## - Наследен системен номер
LC control number KNG00120708000
040 ## - Източник на каталожния запис
Идентификатор на билиотеката - собственик на записа BLK
041 ## - Код за език
Код за езика на текст/звукозапис или на отделно заглавие Български
Код за езика КДБФ Български
080 ## - УДК
Текстов определител УДК Приложно изкуство. Художествени занаяти. Интериор. Дизайн. Играчки. Худож. пространствено оформление
УДК код - определител по УДК 745/749
УДК определител (497.2)
УДК - код + определител 745/749(497.2)
100 1# - Редна дума - Автор
Автор Арбалиев, Георги Петров
Авторска отговорност първи автор
R(LIN) 33300
139 ## - Редно поле
Редна дума Арбалиев, Георги Петров
Авторски знак Арб - А 81
245 10 - Сведения за заглавието
Заглавие Българското приложно изкуство
Подзаглавни данни Резбарство, декоративна скулптура, ковано желязо, медникарство, златарство, керамика
Редно поле (дума) Георги Петров Арбалиев.
257 ## - Страна на издаване
Страна на създаване/издаване България
260 ## - Област на издателските данни
-- София
Име на издателя, разпространителя и проч. Нар. младеж
Година на издаване 1961
300 ## - Физическа характеристика
Страници 152 с.
Илюстрации и др. с ил.
Размери/Мащаб 16 см
380 ## - Жанр
Жанр Изкуство
490 1# - СЕРИИ (Колекции)
Име на серия Поредица Млади приятели на изкуството
№: серия Кн. 5-6
500 ## - Общи забележки
Забележка 5 100 тир.
650 #4 - Допълнително описание по предмет – тема
Основно описание – тема или топоним Приложно и декоративно изкуство - България
9 (RLIN) 247366
651 #4 - Допълнително описание по предмет - топоним
Географско понятие България
9 (RLIN) 241624
653 ## - Ключова дума – ненормативна
Ключова дума приложни изкуства
653 ## - Ключова дума – ненормативна
Ключова дума декоративно изкуство
852 ## - Местоположение
Форматна сигнатура Цб І 4675
856 4# - Електронен адрес и достъп
Електронен формат pdf - файл
Път до файла /url/
856 4# - Електронен адрес и достъп
Електронен формат pdf - файл
Път до файла /url/
942 ## - АРТИКУЛИ
Вид на библиотечния материал Книги
Скрит в OPAC Не
Koha issues (borrowed), all copies 2
944 ## - СЪЗДАВАНЕ И РЕДАКЦИЯ на ЗАПИСА
Създаване/Редакция Създаване
Дата на регистрацията/редакция 08.01.2011
Статус, дата на статуса ф / 07.01.2011
Служител, извършил регистрацията/редакцията Наталия_Любомирова
944 ## - СЪЗДАВАНЕ И РЕДАКЦИЯ на ЗАПИСА
Създаване/Редакция Редакция
Дата на регистрацията/редакция 25.08.2015
Статус, дата на статуса ф / 07.01.2011
Служител, извършил регистрацията/редакцията Людмила_Стоянова
999 ## - СИСТЕМНИ КОНТРОЛНИ НОМЕРА
Koha biblionumber 115235
Koha biblioitemnumber 115235
Наличности
Код за отписване Код за изгубен артикул Източник на класификационната схема Код за повреда Коз за рестрикции Код за отдаване Артикулен № Име на библиотеката - собственик Име на библиотеката, в която се намира в момента Статус (Текущо местоположение) Дата на вписване в системата Местоположение - отдел Цена в лева Инвентарен номер Систематично азбучна сигнатура Баркод Номер на екземпляра Цена в евро Служебна бележка Служебен тип на артикула
  Не е изгубен Universal Decimal Classification Не е повреден без рестрикции заемане за дома 185011 Регионална библиотека "Любен Каравелов" Русе Регионална библиотека "Любен Каравелов" Русе Отдел Изкуство - подръчен фонд 1961-01-01 Отдел Изкуство - подръчен фонд 0.31 1004/62 745/749(497.2)/А 81 900000003035 1 0.16 Дост: Pk Вид: Ф N: стар фонд Дата: 01.01.1961 Дата инв: 07.06.2012 Бележки инв: * Книги
  Не е изгубен Universal Decimal Classification Не е повреден само за читалня ползва се в читалня 185012 Регионална библиотека "Любен Каравелов" Русе Регионална библиотека "Любен Каравелов" Русе Хранилище 1961-01-01 Хранилище 0.31 2329/62 Цб І 4675 900000027110 2 0.16 Дост: Dp Вид: Д N: стар фонд Дата: 01.01.1961 Книги
Изтеглен Не е изгубен Universal Decimal Classification Не е повреден без рестрикции заемане за дома 185013 Регионална библиотека "Любен Каравелов" Русе Регионална библиотека "Любен Каравелов" Русе Отдел Изкуство - подръчен фонд 1961-01-01 Отдел Изкуство - подръчен фонд 0.31 1001/62 745/749(497.2)/А 81 1001/62 3 0.16 Дост: Pk Вид: Ф N: стар фонд Дата: 01.01.1961 Книги
Изтеглен Не е изгубен Universal Decimal Classification Не е повреден без рестрикции заемане за дома 185014 Регионална библиотека "Любен Каравелов" Русе Регионална библиотека "Любен Каравелов" Русе Отдел Изкуство - подръчен фонд 1961-01-01 Отдел Изкуство - подръчен фонд 0.31 1002/62 745/749(497.2)/А 81 1002/62 4 0.16 Дост: Pk Вид: Ф N: стар фонд Дата: 01.01.1961 Книги
Изтеглен Не е изгубен Universal Decimal Classification Не е повреден без рестрикции заемане за дома 185015 Регионална библиотека "Любен Каравелов" Русе Регионална библиотека "Любен Каравелов" Русе Отдел Изкуство - подръчен фонд 1961-01-01 Отдел Изкуство - подръчен фонд 0.31 1005/62 745/749(497.2)/А 81 1005/62 5 0.16 Дост: Pk Вид: Ф N: стар фонд Дата: 01.01.1961 Книги
Изтеглен Не е изгубен Universal Decimal Classification Не е повреден без рестрикции заемане за дома 185016 Регионална библиотека "Любен Каравелов" Русе Регионална библиотека "Любен Каравелов" Русе Детски отдел 1961-01-01 Детски отдел 0.31 1209/62 ДН 73/76(497.2)/А 81 1209/62 6 0.16 Дост: Pk Вид: Ф N: стар фонд Дата: 01.01.1961 Дата инв: 25.08.2015 Бележки инв: Д2015 Книги
Vip Innovations Ltd, Rousse, Bulgaria 2025